| 000 | 01552cam a2200361 i 4500 | ||
|---|---|---|---|
| 999 |
_c200441531 _d59743 |
||
| 001 | 200441531 | ||
| 003 | TR-AnTOB | ||
| 005 | 20240824073709.0 | ||
| 007 | ta | ||
| 008 | 700626s1969 fr ab 000 0 eng d | ||
| 010 | _a79472680 | ||
| 015 | _aF*** | ||
| 040 |
_aDLC _beng _erda _cDLC _dEEM _dUtOrBLW _dTR-AnTOB |
||
| 041 | 0 | _aeng | |
| 050 | 1 | 4 |
_aHD1917 _b.O67 1969 |
| 090 |
_aTOBBK HD1917 _b.O67 1969 |
||
| 110 | 2 |
_aOrganisation for Economic Co-operation and Development _0http://id.loc.gov/authorities/names/n79045354. _933753 |
|
| 245 | 1 | 0 |
_aAgricultural development in Southern Europe : _breport / _cadopted by the Committee for Agriculture and by the OECD Council. |
| 264 | 1 |
_a[Paris] : _bOrganisation for Economic Co-operation and Development, _c[1969]. |
|
| 300 |
_a427 pages : _billustrations, maps ; _c24 cm |
||
| 336 |
_atext _btxt _2rdacontent |
||
| 337 |
_aunmediated _bn _2rdamedia |
||
| 338 |
_avolume _bnc _2rdacarrier |
||
| 490 | 0 | _aAgricultural policy reports. | |
| 650 | 0 |
_aAgriculture _xEconomic aspects _9104501 |
|
| 653 | _aAgriculture and state--Europe, Southern. | ||
| 653 | _aAgriculture--Economic aspects--Europe, Southern. | ||
| 710 | 2 |
_aOrganisation for Economic Co-operation and Development. _bCommittee for Agriculture _0http://id.loc.gov/authorities/names/n86841456. _9133160 |
|
| 710 | 2 |
_aOrganisation for Economic Co-operation and Development. _bCommittee for Agriculture _0http://id.loc.gov/authorities/names/n82099618. |
|
| 942 |
_2z _cBK |
||